Wuppertaler Stadtteile - Statistiken

Allgemein
  • Dieses Quiz wurde 442 mal gespielt
  • Das Durchschnittsergebnis liegt bei 8 aus 10
Antwortstatistiken
Nummer Antwort % Korrekt
5 Barmen
98%
0 Elberfeld
94%
1 Elberfeld-West
94%
6 Oberbarmen
91%
3 Vohwinkel
87%
9 Ronsdorf
72%
4 Cronenberg
71%
8 Langerfeld-Beyenburg
68%
2 Uellendahl-Katernberg
55%
7 Heckinghausen
32%
Keine übereinstimmenden Quizze gefunden
Verteilung der Resultate
Anzahl Personen mit jedem Resultat
Perzentil nach korrekt beantworteten Fragen
Ihre Resultats-Entwicklung
Sie haben dieses Quiz noch nicht gespielt